[Event "Mittelrhein Verbandsliga-W 18/19"]
[Site "Nordrheinwestfalen"]
[Date "2019.04.07"]
[Round "9.5"]
[White "Voigt, Ingrid"]
[Black "Tonev, Vasil"]
[Result "1/2-1/2"]
[WhiteElo "1907"]
[BlackElo "1703"]
[PlyCount "56"]
[EventDate "2018.09.02"]
[EventType "team-tourn"]
[EventRounds "11"]
[EventCountry "GER"]
[SourceTitle "EXT 2022"]
[Source "ChessBase"]
[SourceDate "2021.10.06"]
[SourceVersion "1"]
[SourceVersionDate "2021.10.06"]
[SourceQuality "1"]
[WhiteTeam "Bergheim"]
[BlackTeam "Horrem"]
[WhiteTeamCountry "GER"]
[BlackTeamCountry "GER"]

1. e4 c5 2. Nf3 d6 3. d4 cxd4 4. Nxd4 Nf6 5. Nc3 a6 6. f4 e5 7. Nf3 Nbd7 8. Bd3 Be7 9. 0-0 b5 10. a3 Bb7 11. Qe1 0-0 12. Kh1 Rc8 13. Bd2 Qc7 14. Rc1 Rfe8 15. h3 Nb6 16. fxe5 dxe5 17. Qg3 Nbd7 18. Nh4 Nh5 19. Qf3 Nf4 20. Nf5 Bf8 21. Bxf4 exf4 22. Qxf4 Qxf4 23. Rxf4 g6 24. Rg4 Nf6 25. Rg3 Nh5 26. Rg4 Nf6 27. Rg3 Nh5 28. Rg4 Nf6 1/2-1/2

[Event "Mittelrhein Verbandsliga-W 18/19"]
[Site "Nordrheinwestfalen"]
[Date "2018.09.30"]
[Round "2.5"]
[White "Voigt, Ingrid"]
[Black "Kart, Boris"]
[Result "0-1"]
[WhiteElo "1907"]
[BlackElo "1859"]
[PlyCount "120"]
[EventDate "2018.09.02"]
[EventType "team-tourn"]
[EventRounds "11"]
[EventCountry "GER"]
[SourceTitle "EXT 2022"]
[Source "ChessBase"]
[SourceDate "2021.10.06"]
[SourceVersion "1"]
[SourceVersionDate "2021.10.06"]
[SourceQuality "1"]
[WhiteTeam "Bergheim"]
[BlackTeam "Bruehl III"]
[WhiteTeamCountry "GER"]
[BlackTeamCountry "GER"]

1. e4 c5 2. Nf3 d6 3. d4 cxd4 4. Nxd4 Nf6 5. Nc3 a6 6. f4 e6 7. Qf3 e5 8. Nb3 Nc6 9. a4 Be7 10. f5 Nb4 11. Bd3 d5 12. exd5 Nbxd5 13. Bd2 Nb4 14. Be4 0-0 15. 0-0-0 Qc7 16. g4 Bd7 17. Bg5 Bc6 18. Bxf6 Bxf6 19. h4 Be7 20. Rd2 f6 21. g5 fxg5 22. Rg2 gxh4 23. Qg4 Bf6 24. Nc5 Qe7 25. Ne6 Rf7 26. Qh5 Rc8 27. Bxc6 Rxc6 28. Ne4 Nd3+ 29. Kb1 Nf4 30. Nxf6+ Qxf6 31. Nxf4 exf4 32. Rxh4 Qxf5 33. Qf3 Re6 34. Rhg4 Qe4 35. Qb3 Qe1+ 36. Ka2 f3 37. Rf2 Ref6 38. Rd4 Qe6 39. Rxf3 Qxb3+ 40. Rxb3 Re7 41. Rd8+ Rf8 42. Rd6 g6 43. Rbb6 Kg7 44. b4 Rf5 45. Kb3 g5 46. Rd4 Rf6 47. Rbd6 Rxd6 48. Rxd6 g4 49. c4 h5 50. c5 g3 51. Rd3 h4 52. Rd4 Re3+ 53. Kc4 h3 54. Rg4+ Kf6 55. Kd4 Rb3 56. Kc4 Rf3 57. b5 h2 58. Rh4 g2 59. Rxh2 g1Q 60. Rh6+ Kg5 0-1

[Event "Mittelrhein Verbandsliga-W 17/18"]
[Site "Nordrheinwestfalen"]
[Date "2018.05.06"]
[Round "11.7"]
[White "Voigt, Ingrid"]
[Black "Morschel, Steffen"]
[Result "1-0"]
[WhiteElo "1866"]
[BlackElo "1734"]
[PlyCount "63"]
[EventDate "2017.09.10"]
[EventType "team-tourn"]
[EventRounds "11"]
[EventCountry "GER"]
[SourceTitle "EXT 2022"]
[Source "ChessBase"]
[SourceDate "2021.10.06"]
[SourceVersion "1"]
[SourceVersionDate "2021.10.06"]
[SourceQuality "1"]
[WhiteTeam "Dueren Derichsweiler"]
[BlackTeam "Horrem"]
[WhiteTeamCountry "GER"]
[BlackTeamCountry "GER"]

1. e4 e6 2. d4 d5 3. Nd2 Nf6 4. e5 Nfd7 5. Bd3 c5 6. c3 Nc6 7. Ne2 cxd4 8. cxd4 f6 9. exf6 Nxf6 10. Nf3 Bd6 11. 0-0 0-0 12. Bg5 Qc7 13. Bh4 Bd7 14. Rc1 h6 15. a3 Nh5 16. Bg3 Nxg3 17. Nxg3 Be8 18. Re1 Qf7 19. Rc2 Qf6 20. b4 Nxb4 21. axb4 Bxb4 22. Rc7 Bxe1 23. Qxe1 Rb8 24. Qb4 Rf7 25. Nh5 Qd8 26. Rxf7 Bxf7 27. Nf4 Qf8 28. Qa5 g5 29. Ng6 Bxg6 30. Bxg6 Qd8 31. Qxa7 Ra8 32. Qxb7 1-0

[Event "Dortmund op-B"]
[Site "Dortmund"]
[Date "2005.07.17"]
[Round "9"]
[White "Voigt, Ingrid"]
[Black "Strathoff, Jens"]
[Result "1/2-1/2"]
[WhiteElo "2116"]
[BlackElo "1863"]
[PlyCount "56"]
[EventDate "2005.07.08"]
[EventType "swiss"]
[EventRounds "9"]
[EventCountry "GER"]
[SourceTitle "CBM 107 Extra"]
[Source "ChessBase"]
[SourceDate "2005.09.01"]
[SourceVersion "1"]
[SourceVersionDate "2005.09.01"]
[SourceQuality "1"]

1. e4 e5 2. Nf3 Nc6 3. d4 exd4 4. Nxd4 Bc5 5. Be3 Qf6 6. c3 Nge7 7. g3 d6 8. Bg2 0-0 9. 0-0 Bb6 10. Na3 Qg6 11. Nc4 Ne5 12. Nxb6 axb6 13. Nb5 Nc4 14. Qe2 Nxe3 15. Qxe3 c6 16. Na3 b5 17. Rfd1 f5 18. Qf4 fxe4 19. Qxd6 Qf7 20. Qc5 Bg4 21. Rd2 Nd5 22. Bxe4 Bf3 23. Bxf3 Qxf3 24. Re1 Nf4 25. gxf4 Qg4+ 26. Kf1 Qh3+ 27. Kg1 Qg4+ 28. Kf1 Qh3+ 1/2-1/2

[Event "Dortmund op-B"]
[Site "Dortmund"]
[Date "2005.07.14"]
[Round "6"]
[White "Bastians, Felix"]
[Black "Voigt, Ingrid"]
[Result "0-1"]
[WhiteElo "1865"]
[BlackElo "2116"]
[PlyCount "132"]
[EventDate "2005.07.08"]
[EventType "swiss"]
[EventRounds "9"]
[EventCountry "GER"]
[SourceTitle "CBM 107 Extra"]
[Source "ChessBase"]
[SourceDate "2005.09.01"]
[SourceVersion "1"]
[SourceVersionDate "2005.09.01"]
[SourceQuality "1"]

1. e4 e6 2. d4 d5 3. e5 c5 4. c3 Nc6 5. Nf3 Qb6 6. a3 c4 7. Nbd2 Na5 8. g3 Bd7 9. h4 0-0-0 10. Bh3 Kb8 11. 0-0 Nh6 12. Re1 Nf5 13. Nf1 Nb3 14. Rb1 Be7 15. Ne3 Nxe3 16. Bxe3 h6 17. Nh2 Rdg8 18. Ng4 h5 19. Nh2 g5 20. hxg5 Bxg5 21. Bxg5 Rxg5 22. Nf3 Rg7 23. Nd2 Ba4 24. Nxb3 Bxb3 25. Qe2 Qd8 26. Rbc1 Qg5 27. Qe3 Qg6 28. Re2 Rhg8 29. Kh2 a6 30. Qd2 Qh7 31. Re3 Rh8 32. f4 Rhg8 33. Qf2 Ba4 34. f5 Bd7 35. Rf1 h4 36. g4 exf5 37. gxf5 Rg3 38. e6 fxe6 39. fxe6 Be8 40. Rf3 Qc7 41. Kh1 Bg6 42. Rxg3 hxg3 43. Qf4 Qxf4 44. Rxf4 Kc7 45. Bg2 Kd6 46. e7 Rg7 47. Rf6+ Kxe7 48. Rb6 Kd8 49. Bxd5 Kc8 50. Kg2 Bd3 51. Rf6 Rg5 52. Rf8+ Kc7 53. Rf7+ Kd6 54. Bxb7 Rb5 55. Bxa6 Rxb2+ 56. Kxg3 Rb3 57. a4 Rxc3 58. Kf2 Rc1 59. Ke3 Ra1 60. Bb5 Ra3 61. Kd2 Ke6 62. Rd7 Bf1 63. d5+ Ke5 64. Bc6 c3+ 65. Kc1 Bd3 66. Re7+ Kd4 0-1

[Event "Canarias en Red prel 5th"]
[Site "Playchess.com INT"]
[Date "2004.05.07"]
[Round "9"]
[White "Bornemann, Michael"]
[Black "Voigt, Ingrid"]
[Result "1-0"]
[WhiteElo "2204"]
[BlackElo "2112"]
[PlyCount "57"]
[EventDate "2004.05.07"]
[EventType "swiss (blitz)"]
[EventRounds "13"]
[EventCountry "GER"]
[SourceTitle "EXT 2005"]
[Source "ChessBase"]
[SourceDate "2004.11.15"]
[SourceVersion "1"]
[SourceVersionDate "2004.11.15"]
[SourceQuality "1"]

1. d4 e6 2. c4 d5 3. Nc3 c5 4. e3 Nc6 5. Nf3 Nf6 6. cxd5 exd5 7. dxc5 Bxc5 8. Bd3 0-0 9. 0-0 Bg4 10. h3 Bh5 11. Be2 Rc8 12. a3 Re8 13. b4 Bb6 14. Bb2 Qd6 15. Rc1 Bc7 16. g3 Rcd8 17. Nb5 Qd7 18. Nxc7 Qxc7 19. b5 Qd7 20. bxc6 Qxh3 21. Bxf6 gxf6 22. cxb7 Rb8 23. Rc7 Qe6 24. Nd4 Bxe2 25. Qxe2 Qb6 26. Qg4+ Kh8 27. Rxf7 Rg8 28. Qh4 Rxb7 29. Qxh7# 1-0

[Event "Canarias en Red prel 5th"]
[Site "Playchess.com INT"]
[Date "2004.05.07"]
[Round "2"]
[White "Kopylov, Michael"]
[Black "Voigt, Ingrid"]
[Result "1-0"]
[WhiteElo "2445"]
[BlackElo "2112"]
[PlyCount "51"]
[EventDate "2004.05.07"]
[EventType "swiss (blitz)"]
[EventRounds "13"]
[EventCountry "GER"]
[SourceTitle "EXT 2005"]
[Source "ChessBase"]
[SourceDate "2004.11.15"]
[SourceVersion "1"]
[SourceVersionDate "2004.11.15"]
[SourceQuality "1"]

1. d4 e6 2. c4 d5 3. Nf3 c5 4. cxd5 exd5 5. Nc3 Nc6 6. g3 Nf6 7. Bg2 Be7 8. 0-0 0-0 9. dxc5 Bxc5 10. Bg5 Be6 11. Bxf6 Qxf6 12. Nxd5 Qxb2 13. Nc7 Rad8 14. Qc1 Qxc1 15. Raxc1 Bb6 16. Nxe6 fxe6 17. e3 e5 18. Rc4 Rd3 19. a4 Rfd8 20. Ng5 Na5 21. Rg4 g6 22. Rh4 R8d7 23. Bh3 Rc7 24. Be6+ Kh8 25. Bf7 Rd6 26. Rxh7# 1-0

[Event "Canarias en Red prel 4th"]
[Site "Playchess.com INT"]
[Date "2004.05.06"]
[Round "7"]
[White "Koch, Michael B"]
[Black "Voigt, Ingrid"]
[Result "1-0"]
[WhiteElo "2016"]
[BlackElo "2112"]
[PlyCount "205"]
[EventDate "2004.05.06"]
[EventType "swiss (blitz)"]
[EventRounds "13"]
[EventCountry "GER"]
[SourceTitle "EXT 2005"]
[Source "ChessBase"]
[SourceDate "2004.11.15"]
[SourceVersion "1"]
[SourceVersionDate "2004.11.15"]
[SourceQuality "1"]

1. d4 e6 2. Bf4 Nf6 3. e3 c5 4. c3 b6 5. Nf3 Bb7 6. Nbd2 d6 7. h3 Nbd7 8. Bd3 Be7 9. 0-0 Rc8 10. Bh2 0-0 11. Re1 cxd4 12. exd4 Nd5 13. Bb5 Qc7 14. Bxd7 Qxd7 15. Ne4 e5 16. dxe5 dxe5 17. Nxe5 Qf5 18. Nd2 Bf6 19. Nef3 Nf4 20. Bxf4 Qxf4 21. Re3 Rfd8 22. Qe2 h6 23. g3 Qf5 24. Kh2 Qc2 25. Nb3 Qxe2 26. Rxe2 Bxf3 27. Re3 Bd5 28. Rae1 Bxb3 29. axb3 Rd2 30. R1e2 Rcd8 31. b4 Rxe2 32. Rxe2 Rd1 33. Kg2 Rb1 34. Kf3 a5 35. bxa5 bxa5 36. Ke4 a4 37. Kd5 a3 38. bxa3 Bxc3 39. Kc4 Bf6 40. a4 Ra1 41. Kb5 Kh7 42. a5 Kg6 43. a6 Bd4 44. Rd2 Ba7 45. Rd7 Bxf2 46. g4 f6 47. Rd2 Bd4 48. Rxd4 h5 49. Kb6 hxg4 50. Rxg4+ Kf7 51. a7 g5 52. Rb4 Kg6 53. Kb7 f5 54. a8Q Rxa8 55. Kxa8 f4 56. Kb7 Kh5 57. Kc6 Kh4 58. Rb5 f3 59. Rf5 Kxh3 60. Rxf3+ Kg2 61. Rf5 g4 62. Kd5 g3 63. Ke4 Kh2 64. Kf3 g2 65. Rh5+ Kg1 66. Kg3 Kf1 67. Rf5+ Kg1 68. Rc5 Kf1 69. Rc1+ Ke2 70. Kxg2 Kd3 71. Re1 Kd2 72. Kf2 Kd3 73. Re7 Kd4 74. Kf3 Kd5 75. Kf4 Kd6 76. Re1 Kc5 77. Rd1 Kc4 78. Ke3 Kc5 79. Ke4 Kc6 80. Rd2 Kc5 81. Rd1 Kc6 82. Ke5 Kc7 83. Ke6 Kc6 84. Rc1+ Kb5 85. Kd5 Kb4 86. Kd4 Kb3 87. Kd3 Kb2 88. Kd2 Kb3 89. Rc3+ Kb4 90. Rc2 Kb3 91. Kd3 Kb4 92. Rc1 Kb5 93. Kd4 Kb6 94. Kd5 Kb7 95. Kd6 Kb8 96. Kd7 Kb7 97. Rb1+ Ka6 98. Kc6 Ka7 99. Kc5 Ka6 100. Rb2 Ka7 101. Kc6 Ka8 102. Kc7 Ka7 103. Ra2# 1-0

[Event "Canarias en Red prel 4th"]
[Site "Playchess.com INT"]
[Date "2004.05.06"]
[Round "1"]
[White "Nyback, Tomi"]
[Black "Voigt, Ingrid"]
[Result "1-0"]
[WhiteElo "2546"]
[BlackElo "2112"]
[PlyCount "63"]
[EventDate "2004.05.06"]
[EventType "swiss (blitz)"]
[EventRounds "13"]
[EventCountry "GER"]
[SourceTitle "EXT 2005"]
[Source "ChessBase"]
[SourceDate "2004.11.15"]
[SourceVersion "1"]
[SourceVersionDate "2004.11.15"]
[SourceQuality "1"]

1. d4 e6 2. c4 d5 3. Nc3 c5 4. cxd5 cxd4 5. Qxd4 Nc6 6. Qd1 exd5 7. Qxd5 Bd7 8. Nf3 Nf6 9. Qd1 Bc5 10. e3 Qe7 11. Bd3 g5 12. Nxg5 Rg8 13. Nge4 Bb4 14. Qf3 Ng4 15. Bd2 Nce5 16. Qe2 0-0-0 17. Nd5 Bxd2+ 18. Qxd2 Qe6 19. Nf4 Qb6 20. Be2 Bc6 21. Qc2 Kb8 22. 0-0 Nxe3 23. fxe3 Qxe3+ 24. Rf2 Bxe4 25. Qc3 Nd3 26. Bxd3 Rxd3 27. Nxd3 Rxg2+ 28. Kf1 Bxd3+ 29. Kxg2 Qg5+ 30. Kf3 Qf5+ 31. Ke3 Qe4+ 32. Kd2 1-0

[Event "Canarias en Red prel 3rd"]
[Site "Playchess.com INT"]
[Date "2004.05.05"]
[Round "13"]
[White "Brito Garcia, Alfredo"]
[Black "Voigt, Ingrid"]
[Result "1-0"]
[WhiteElo "2359"]
[BlackElo "2112"]
[PlyCount "55"]
[EventDate "2004.05.05"]
[EventType "swiss (blitz)"]
[EventRounds "13"]
[EventCountry "GER"]
[SourceTitle "EXT 2005"]
[Source "ChessBase"]
[SourceDate "2004.11.15"]
[SourceVersion "1"]
[SourceVersionDate "2004.11.15"]
[SourceQuality "1"]

1. d4 e6 2. c4 d5 3. Nf3 c5 4. cxd5 exd5 5. Bg5 Be7 6. Bxe7 Nxe7 7. Nc3 Nbc6 8. e3 b6 9. Bb5 0-0 10. 0-0 Bg4 11. Be2 c4 12. b3 cxb3 13. axb3 Rc8 14. Qd2 a5 15. Rfc1 Nb4 16. h3 Bh5 17. Na2 Nxa2 18. Rxa2 Qd6 19. Rac2 Rxc2 20. Qxc2 h6 21. Qd2 Nc6 22. Ne5 Nxe5 23. Bxh5 Nc6 24. Qc3 Rc8 25. Bg4 Rc7 26. Be2 Rc8 27. Ba6 Ra8 28. Bb7 1-0

[Event "Canarias en Red prel 3rd"]
[Site "Playchess.com INT"]
[Date "2004.05.05"]
[Round "7"]
[White "Voigt, Ingrid"]
[Black "Belezky, Alexander"]
[Result "1-0"]
[WhiteElo "2112"]
[BlackElo "2405"]
[PlyCount "91"]
[EventDate "2004.05.05"]
[EventType "swiss (blitz)"]
[EventRounds "13"]
[EventCountry "GER"]
[SourceTitle "EXT 2005"]
[Source "ChessBase"]
[SourceDate "2004.11.15"]
[SourceVersion "1"]
[SourceVersionDate "2004.11.15"]
[SourceQuality "1"]

1. e4 c5 2. Nf3 d6 3. d4 cxd4 4. Nxd4 Nf6 5. Nc3 g6 6. f3 Bg7 7. Be3 Nc6 8. Qd2 Bd7 9. 0-0-0 Rc8 10. Kb1 Ne5 11. h4 h5 12. Be2 0-0 13. g4 hxg4 14. h5 Nxh5 15. fxg4 Bxg4 16. Bxg4 Nxg4 17. Bg5 Ngf6 18. Bh6 Rxc3 19. Bxg7 Kxg7 20. Qxc3 Nxe4 21. Ne6+ Kg8 22. Qd4 fxe6 23. Qxe4 Rf6 24. Rdg1 Ng7 25. Rxg6 Rxg6 26. Qxg6 Qf8 27. Qh7+ Kf7 28. Rf1+ Ke8 29. Rxf8+ Kxf8 30. c3 Nf5 31. Kc2 Ne3+ 32. Kd3 Nf5 33. Ke4 Ng3+ 34. Kf3 Nf5 35. Kg4 Ke8 36. Kg5 Kd7 37. Qg8 Ne3 38. Qb8 Kc6 39. Qxa7 Nc4 40. b4 Ne5 41. Qb8 Nf7+ 42. Kf4 Ne5 43. Qc8+ Kb6 44. Qxe6 Ka7 45. Ke4 Kb6 46. Qxe7 1-0

[Event "Canarias en Red prel 2nd"]
[Site "Playchess.com INT"]
[Date "2004.05.04"]
[Round "13"]
[White "Voigt, Ingrid"]
[Black "Bossy, Arnim"]
[Result "1-0"]
[WhiteElo "2112"]
[BlackElo "2189"]
[PlyCount "49"]
[EventDate "2004.05.04"]
[EventType "swiss (blitz)"]
[EventRounds "13"]
[EventCountry "GER"]
[SourceTitle "EXT 2005"]
[Source "ChessBase"]
[SourceDate "2004.11.15"]
[SourceVersion "1"]
[SourceVersionDate "2004.11.15"]
[SourceQuality "1"]

1. e4 c5 2. Nf3 d6 3. d4 cxd4 4. Nxd4 Nf6 5. Nc3 a6 6. f4 e6 7. Bd3 b5 8. Qf3 Qb6 9. Nb3 Nbd7 10. g4 Nc5 11. Nxc5 dxc5 12. g5 Nd7 13. Qh3 Bb7 14. g6 fxg6 15. Be3 0-0-0 16. a4 b4 17. Ne2 Nf6 18. a5 Qc6 19. Rf1 c4 20. e5 cxd3 21. cxd3 Nd5 22. Rc1 Nxe3 23. Rxc6+ Bxc6 24. Qxe3 Bd5 25. Qb6 1-0

[Event "Canarias en Red prel 1st"]
[Site "Playchess.com INT"]
[Date "2004.05.03"]
[Round "7"]
[White "Voigt, Ingrid"]
[Black "Gustafsson, Jan"]
[Result "0-1"]
[WhiteElo "2112"]
[BlackElo "2572"]
[PlyCount "78"]
[EventDate "2004.05.03"]
[EventType "swiss (blitz)"]
[EventRounds "13"]
[EventCountry "GER"]
[SourceTitle "EXT 2005"]
[Source "ChessBase"]
[SourceDate "2004.11.15"]
[SourceVersion "1"]
[SourceVersionDate "2004.11.15"]
[SourceQuality "1"]

1. e4 e5 2. Nf3 Nc6 3. d4 exd4 4. Nxd4 Nf6 5. Nc3 Bb4 6. Nxc6 bxc6 7. Bd3 d5 8. exd5 0-0 9. 0-0 cxd5 10. Bg5 c6 11. Qf3 Bd6 12. h3 Rb8 13. Rab1 Be5 14. Nd1 h6 15. Bh4 Qd6 16. c3 c5 17. Ne3 Be6 18. Nf5 Bxf5 19. Qxf5 g6 20. Qf3 d4 21. cxd4 Bxd4 22. b3 Rbe8 23. Rfd1 Kg7 24. Bg3 Qb6 25. Bc4 Ne4 26. Rd3 f5 27. Rf1 f4 28. Bxf4 g5 29. Qg4 Nf6 30. Qf3 gxf4 31. Qxf4 Ne4 32. Qg4+ Qg6 33. Qd7+ Kh8 34. Bd5 Nxf2 35. Kh2 Nxd3 36. Bf7 Qd6+ 37. Qxd6 Be5+ 38. Qxe5+ Nxe5 39. Bxe8 Rxf1 0-1

[Event "Bergheim op"]
[Site "Bergheim"]
[Date "2003.09.12"]
[Round "2"]
[White "Voigt, Ingrid"]
[Black "Liebergesell, Andreas"]
[Result "1-0"]
[WhiteElo "1961"]
[BlackElo "2248"]
[PlyCount "99"]
[EventDate "2003.09.11"]
[EventType "swiss"]
[EventRounds "7"]
[EventCountry "GER"]
[SourceTitle "EXT 2006"]
[Source "ChessBase"]
[SourceDate "2005.11.24"]
[SourceVersion "1"]
[SourceVersionDate "2005.11.24"]
[SourceQuality "1"]

1. e4 c5 2. Nf3 Nc6 3. d4 cxd4 4. Nxd4 g6 5. Bc4 Bg7 6. Be3 Nf6 7. Nc3 0-0 8. Qd2 d6 9. f3 Bd7 10. 0-0-0 Qb8 11. h4 Ne5 12. Bb3 h5 13. Bh6 Rc8 14. g4 Rc5 15. gxh5 Nxh5 16. Nd5 e6 17. Bxg7 Kxg7 18. Nf4 Qh8 19. Nxh5+ Qxh5 20. f4 Ng4 21. Nf5+ exf5 22. Qxd6 fxe4 23. Qxd7 Qf5 24. Qd4+ Kg8 25. Rdg1 Rac8 26. h5 Qxf4+ 27. Kb1 gxh5 28. Bxf7+ Kf8 29. Rf1 Qxf7 30. Rxf7+ Kxf7 31. Qxe4 R8c7 32. Qh7+ Kf6 33. Rf1+ Kg5 34. Qg8+ Kh6 35. c3 b6 36. Rd1 R5c6 37. Rd5 Nf6 38. Qg5+ Kh7 39. Rf5 Rf7 40. Qg2 Re6 41. Rg5 Rfe7 42. a3 Re4 43. Qf3 R4e6 44. Qf5+ Kh8 45. Rg6 Re1+ 46. Ka2 Nh7 47. Qxh5 Rg7 48. Rxg7 Kxg7 49. Qg4+ Kf7 50. Qh4 1-0